Nominations to the National Transportation Safety Board, Surface Transportation Board, and U.S. Department of Transportation : hearing before the Committee on Commerce, Science, and Transportation, United States Senate, One Hundred Seventeenth Congress, first session, June 24, 2021.
| Corporate Author: | |
|---|---|
| Format: | Government Document eBook |
| Language: | English |
| Published: |
Washington :
U.S. Government Publishing Office,
2023.
|
| Series: | S. hrg. ;
117-717 |
| Subjects: |
United States.
> National Transportation Safety Board
> Officials and employees
> Selection and appointment.
United States.
> Surface Transportation Board
> Officials and employees
> Selection and appointment.
|
| Online Access: | https://purl.fdlp.gov/GPO/gpo215781 |
MARC
| Tag | First Indicator | Second Indicator | Subfields |
|---|---|---|---|
| LEADER | 00000nam a2200000 i 4500 | ||
| 001 | in00004745430 | ||
| 006 | m o d f | ||
| 007 | cr ||||||||||| | ||
| 008 | 230825s2023 dcu ob f000 0 eng c | ||
| 005 | 20230928210100.3 | ||
| 024 | 8 | |a 53-123 |q (GPO jacket number) | |
| 035 | |a (OCoLC)on1395145026 | ||
| 040 | |a GPO |b eng |e rda |e pn |c GPO |d MvI | ||
| 042 | |a pcc | ||
| 043 | |a n-us--- | ||
| 049 | |a WWW | ||
| 074 | |a 1041-C (online) | ||
| 086 | 0 | |a Y 4.C 73/7:S.HRG.117-717 | |
| 110 | 1 | |a United States. |b Congress. |b Senate. |b Committee on Commerce, Science, and Transportation, |0 https://id.loc.gov/authorities/names/n81096151 |e author. | |
| 245 | 1 | 0 | |a Nominations to the National Transportation Safety Board, Surface Transportation Board, and U.S. Department of Transportation : |b hearing before the Committee on Commerce, Science, and Transportation, United States Senate, One Hundred Seventeenth Congress, first session, June 24, 2021. |
| 264 | 1 | |a Washington : |b U.S. Government Publishing Office, |c 2023. | |
| 300 | |a 1 online resource (iii, 105 pages). | ||
| 336 | |a text |b txt |2 rdacontent | ||
| 337 | |a computer |b c |2 rdamedia | ||
| 338 | |a online resource |b cr |2 rdacarrier | ||
| 490 | 1 | |a S. hrg. ; |v 117-717 | |
| 500 | |a In scope of the U.S. Government Publishing Office Cataloging and Indexing Program (C&I) and Federal Depository Library Program (FDLP). | ||
| 500 | |a Associated bill citation(s): S. 1956; H.R. 6484; H.R. 6486; H.R. 7140. | ||
| 500 | |a GPO Cataloging Record Distribution Program (CRDP). | ||
| 504 | |a Includes bibliographical references. | ||
| 511 | 0 | |a Hearing witnesses: Hon. Jennifer L. Homendy, Nominee to be Chair, National Transportation Safety Board; Karen J. Hedlund, Nominee to be a Member, Surface Transportation Board; Dr. Robert C. Hampshire, Nominee to be Assistant Secretary for Research and Technology, U.S. Department of Transportation; Carol A. Petsonk, Nominee to be Assistant Secretary for Aviation and International Affairs, U.S. Department of Transportation. | |
| 518 | |a Date of hearing: 2021-06-24. | ||
| 588 | |a Description based on online resource; title from PDF title screen (GovInfo, viewed Aug. 24, 2023). | ||
| 600 | 1 | 0 | |a Homendy, Jennifer, |d 1971- |0 https://id.loc.gov/authorities/names/no2023083421 |
| 600 | 1 | 0 | |a Hedlund, Karen J. |q (Karen Jean), |d 1948- |0 https://id.loc.gov/authorities/names/no2023095400 |
| 600 | 1 | 0 | |a Hampshire, Robert Cornelius, |d 1978- |0 https://id.loc.gov/authorities/names/no2007037548 |
| 600 | 1 | 0 | |a Petsonk, Carol A. |q ( Carol Annette), |d 1957- |0 https://id.loc.gov/authorities/names/no2023095417 |
| 610 | 1 | 0 | |a United States. |b National Transportation Safety Board |x Officials and employees |x Selection and appointment. |
| 610 | 1 | 0 | |a United States. |b Surface Transportation Board |x Officials and employees |x Selection and appointment. |
| 610 | 1 | 0 | |a United States. |b Department of Transportation |x Officials and employees |x Selection and appointment. |
| 650 | 7 | |a Government Operations and Politics. |2 cgpa | |
| 655 | 7 | |a Legislative hearings. |2 lcgft |0 https://id.loc.gov/authorities/genreForms/gf2013025047 | |
| 776 | 0 | 8 | |i Print version: |a United States. Congress. Senate. Committee on Commerce, Science, and Transportation. |t Nominations to the National Transportation Safety Board, Surface Transportation Board, and U.S. Department of Transportation |w (OCoLC)1395143149 |
| 810 | 1 | |a United States. |b Congress. |b Senate. |t S. hrg. ; |0 https://id.loc.gov/authorities/names/n83707917 |v 117-717. | |
| 856 | 4 | 0 | |u https://purl.fdlp.gov/GPO/gpo215781 |t 0 |
| 999 | f | f | |s 31ace068-4994-42ec-ad34-bc97f42db2fb |i d4593444-2718-4542-ad3c-6857581b79d3 |t 0 |
| 952 | f | f | |a Texas A&M University |b College Station |c Electronic Resources |d Available Online |t 0 |e Y 4.C 73/7:S.HRG.117-717 |h Superintendent of Documents classification |
| 998 | f | f | |a Y 4.C 73/7:S.HRG.117-717 |t 0 |l Available Online |